00549nam a2200181 a 45000010010000000030011000100080041000210350026000620820014000881000019001022450023001212600051001446500035001959420012002309520090002429980020003329990015003520000-8729ELIB.Books110520 1966  a(ELIB.Books)0000-8875 a241 bSel aSellers, James aTheological Ethics bNew York: Macmillan Publishing Co, Inc. c1966 aDictionary of Christian Ethics 2ddccBK 00102ddc4070aKBTSbKBTSd2011-05-20l0p8705r2022-01-22 00:00:00w2022-01-22yBK cbate2011-05-20 c8729d8729